লোডিং...

Yudhavum samadhanavum

গ্রন্থ-পঞ্জীর বিবরন
প্রধান লেখক: Tolstoy, Leo
অন্যান্য লেখক: Balachandran, K.P. [tr.]
বিন্যাস: Printed Book
ভাষা:English
প্রকাশিত: Thrissur Green books 2004
বিষয়গুলি:
LEADER 00657nam a22001937a 4500
005 20151026130343.0
008 091024t xxu||||| |||| 00| 0 eng d
020 |a 81-88582-47-6 
080 |a FM  |b TOL/Y;1 
100 |a Tolstoy, Leo  |9 6061 
245 |a Yudhavum samadhanavum 
260 |a Thrissur  |b Green books  |c 2004  |9 6948 
300 |a 292p. 
500 |a Original title: War and Peace 
653 |a Fiction-Malayalam literature  |a Classics-literature 
700 |a Balachandran, K.P. [tr.]  |9 8052 
942 |c BK  |6 _ 
999 |c 3745  |d 3745 
952 |0 0  |1 0  |2 udc  |4 0  |6 FM_TOLY1  |7 0  |9 14498  |a UL  |b UL  |d 2009-10-24  |l 29  |m 3  |o FM TOL/Y;1  |p 00055470  |r 2015-10-01  |s 2015-10-01  |w 2009-10-24  |y BK